000 00241nam a2200097Ia 4500
001 683120
005 20250826161432.0
008 250824s9999 xx 000 0 und d
245 0 _aYEMEN AH YEMEN
_cMEHMED NİYAZİ
260 _bÖTÜKEN YAYINLARI
999 _c683120
_d683120